प्रगति शील चिंतक सिया राम चरण गुप्त : (Record no. 53573)

MARC details
000 -LEADER
fixed length control field 00701nam a2200193Ia 4500
005 - DATE AND TIME OF LATEST TRANSACTION
control field 20260429112334.0
008 - FIXED-LENGTH DATA ELEMENTS--GENERAL INFORMATION
fixed length control field 260429s9999||||xx |||||||||||||| ||und||
020 ## - INTERNATIONAL STANDARD BOOK NUMBER
International Standard Book Number 9789352211777
041 ## - LANGUAGE CODE
Language Hindi
082 ## - DEWEY DECIMAL CLASSIFICATION NUMBER
Classification number 891.431
Item number GUP
100 ## - MAIN ENTRY--PERSONAL NAME
Personal name गुप्ता, सरोज
245 #0 - TITLE STATEMENT
Title प्रगति शील चिंतक सिया राम चरण गुप्त :
Remainder of title संपूर्ण काव्य /
Statement of responsibility, etc सरोज गुप्ता
250 ## - EDITION STATEMENT
Edition statement 1st ed.
260 ## - PUBLICATION, DISTRIBUTION, ETC. (IMPRINT)
Place of publication, distribution, etc प्रयागराज :
Name of publisher, distributor, etc लोकभारती प्रकाशन,
Date of publication, distribution, etc 2016.
300 ## - PHYSICAL DESCRIPTION
Extent xxiii, 556 p.; Hb
440 ## - SERIES STATEMENT/ADDED ENTRY--TITLE
Volume number/sequential designation खंड- 1
650 ## - SUBJECT ADDED ENTRY--TOPICAL TERM
Topical term or geographic name as entry element Poetry--Collection
942 ## - ADDED ENTRY ELEMENTS (KOHA)
Koha item type Text Books
Holdings
Withdrawn status Lost status Damaged status Not for loan Collection code Home library Location Shelving location Date of Cataloging Source of acquisition Total Checkouts Full call number Barcode Date last seen Price effective from Koha item type
        Non-fiction CUTN Central Library CUTN Central Library Literature 29/04/2026 Segment Book Distributors, New Delhi - Invoice No. 71458 on 09-02-2026   891.431 GUP 58400 29/04/2026 29/04/2026 Text Books